Statistics for Generation 1 Pokemon

Click here to take the quiz!

General Stats

  • This quiz has been taken 2,369 times
  • The average score is 104 of 151

Answer Stats

Number Pokemon % Correct
001Bulbasaur
98%
004Charmander
97%
006Charizard
97%
007Squirtle
97%
002Ivysaur
96%
009Blastoise
95%
005Charmeleon
95%
025Pikachu
94%
151Mew
93%
008Wartortle
93%
026Raichu
92%
016Pidgey
91%
003Venusaur
91%
150Mewtwo
91%
010Caterpie
90%
018Pidgeot
90%
012Butterfree
90%
015Beedrill
89%
017Pidgeotto
89%
013Weedle
89%
011Metapod
88%
014Kakuna
87%
145Zapdos
86%
019Rattata
85%
144Articuno
85%
146Moltres
84%
074Geodude
83%
020Raticate
83%
149Dragonite
80%
133Eevee
80%
129Magikarp
79%
147Dratini
79%
076Golem
79%
094Gengar
78%
063Abra
78%
075Graveler
78%
093Haunter
78%
148Dragonair
78%
022Fearow
77%
021Spearow
77%
092Gastly
77%
095Onix
77%
064Kadabra
77%
065Alakazam
77%
136Flareon
76%
134Vaporeon
76%
023Ekans
75%
135Jolteon
75%
031Nidoqueen
74%
039Jigglypuff
74%
029Nidoran
74%
034Nidoking
74%
024Arbok
74%
030Nidorina
72%
033Nidorino
72%
143Snorlax
71%
066Machop
71%
068Machamp
71%
058Growlithe
71%
059Arcanine
71%
067Machoke
70%
043Oddish
70%
130Gyarados
70%
037Vulpix
70%
120Staryu
69%
040Wigglytuff
69%
052Meowth
69%
126Magmar
68%
044Gloom
68%
041Zubat
68%
038Ninetales
68%
121Starmie
67%
078Rapidash
67%
077Ponyta
67%
035Clefairy
67%
118Goldeen
66%
069Bellsprout
66%
124Jynx
66%
053Persian
66%
110Weezing
65%
109Koffing
65%
101Electrode
65%
100Voltorb
65%
131Lapras
65%
050Diglett
65%
081Magnemite
65%
051Dugtrio
65%
042Golbat
65%
045Vileplume
65%
106Hitmonlee
64%
107Hitmonchan
64%
119Seaking
64%
125Electabuzz
64%
027Sandshrew
63%
122Mr. Mime
63%
036Clefable
63%
082Magneton
63%
028Sandslash
62%
089Muk
62%
140Kabuto
61%
070Weepinbell
61%
128Tauros
61%
071Victreebel
60%
123Scyther
60%
088Grimer
60%
141Kabutops
60%
132Ditto
59%
086Seel
59%
056Mankey
59%
142Aerodactyl
58%
049Venomoth
57%
112Rhydon
57%
113Chansey
57%
072Tentacool
57%
048Venonat
56%
057Primeape
56%
054Psyduck
56%
073Tentacruel
56%
084Doduo
56%
111Rhyhorn
56%
087Dewgong
56%
061Poliwhirl
55%
097Hypno
55%
138Omanyte
55%
060Poliwag
55%
062Poliwrath
54%
139Omastar
54%
116Horsea
54%
096Drowzee
54%
085Dodrio
53%
117Seadra
53%
055Golduck
53%
115Kangaskhan
52%
083Farfetch'd
52%
079Slowpoke
51%
137Porygon
51%
104Cubone
51%
127Pinsir
51%
046Paras
51%
080Slowbro
50%
091Cloyster
50%
047Parasect
50%
105Marowak
50%
114Tangela
49%
090Shellder
47%
103Exeggutor
45%
102Exeggcute
45%
098Krabby
45%
099Kingler
44%
108Lickitung
42%

Score Distribution

Percentile by Number Answered

Percent of People with Each Score

Your Score History

You have not taken this quiz